Clinical Anatomy: (Record no. 511)

MARC details
000 -LEADER
fixed length control field 00571nam a22002057a 4500
003 - CONTROL NUMBER IDENTIFIER
control field OSt
005 - DATE AND TIME OF LATEST TRANSACTION
control field 20230221165159.0
008 - FIXED-LENGTH DATA ELEMENTS--GENERAL INFORMATION
fixed length control field 140925b xxu||||| |||| 00| 0 eng d
020 ## - INTERNATIONAL STANDARD BOOK NUMBER
International Standard Book Number 0781743168
040 ## - CATALOGING SOURCE
Transcribing agency DLC
082 ## - DEWEY DECIMAL CLASSIFICATION NUMBER
Classification number QS18 S27c 2004
100 ## - MAIN ENTRY--PERSONAL NAME
Personal name Snell, Richard S.
9 (RLIN) 793
245 ## - TITLE STATEMENT
Title Clinical Anatomy:
Remainder of title An illustrated review with questions and explanations
250 ## - EDITION STATEMENT
Edition statement 4th ed.
260 ## - PUBLICATION, DISTRIBUTION, ETC. (IMPRINT)
Place of publication, distribution, etc. London:
Name of publisher, distributor, etc. Lippicontt Williams & Wilkins
Date of publication, distribution, etc. 2004.
300 ## - PHYSICAL DESCRIPTION
Extent ix, 305 p. :
Other physical details ill ;
Dimensions 28 cm.
504 ## - BIBLIOGRAPHY, ETC. NOTE
Bibliography, etc Includes index
650 ## - SUBJECT ADDED ENTRY--TOPICAL TERM
Topical term or geographic name as entry element Anatomy
9 (RLIN) 124
942 ## - ADDED ENTRY ELEMENTS (KOHA)
Source of classification or shelving scheme Other/Generic Classification Scheme
Koha item type Short Loan
Holdings
Withdrawn status Lost status Source of classification or shelving scheme Damaged status Not for loan Home library Current library Date acquired Source of acquisition Inventory number Total Checkouts Full call number Barcode Date last seen Koha item type
    Other/Generic Classification Scheme     MUST Main Library MUST Main Library 25/09/2014 Purchase 12/35827   QS18 S27c 2004 2014-2969 25/09/2014 Short Loan
    Other/Generic Classification Scheme     MUST Main Library MUST Main Library 25/09/2014 Purchase 12/35829   QS18 S27c 2004 2014-2970 25/09/2014 Short Loan
    Other/Generic Classification Scheme     MUST Main Library MUST Main Library 25/09/2014 Purchase 12/35828   QS18 S27c 2004 2014-2971 25/09/2014 Short Loan
    Other/Generic Classification Scheme     MUST Main Library MUST Main Library 25/09/2014 Purchase 12/35830   QS18 S27c 2004 2014-2972 25/09/2014 Short Loan
    Other/Generic Classification Scheme     MUST Main Library MUST Main Library 25/09/2014 Purchase 12/35831   QS18 S27c 2004 2014-2973 25/09/2014 Short Loan